000 00664nam a2200241Ia 4500
003 OSt
005 20220924114519.0
006 a|||||r|||| 00| 0
007 ta
008 220923b |||||||| |||| 00| 0 ara d
024 _a283533
037 _cTextual
040 _aARTS
_cARTS
_bara
041 _2ara
_aara
082 _aO28,6M83x, K4
100 _aGibran Gibran Khalil Au.
_9173983
245 0 _aAl majmua kamla le moallifat
260 _aBeirut
_bDar-al-sadir Lebanon
_c1964
300 _a490p.
_ccm.
650 _aARABIC PROSE
942 _hO28,6M83x, K4
_cTEXL
_2CC
999 _c393950
_d393950